000 00451cam a2200145 4500500
005 20251012012046.0
041 _afre
042 _adc
100 1 0 _aN’Diaye, Aïda
_eauthor
245 0 0 _aVivre avec le trouble
260 _c2020.
500 _a98
786 0 _nPhilosophie magazine | 142 | 9 | 2020-09-01 | p. 93-94 | 1951-1787
856 4 1 _uhttps://shs.cairn.info/magazine-philosophie-magazine-2020-9-page-93?lang=fr&redirect-ssocas=7080
999 _c1525332
_d1525332